A Summary Critique of the Fact/value Dichotomy/ (Record no. 201926)
[ view plain ]
| 000 -LEADER | |
|---|---|
| fixed length control field | 00524nam a22001697a 4500 |
| 005 - DATE AND TIME OF LATEST TRANSACTION | |
| control field | 20240404124135.0 |
| 010 ## - LCCN (DPL NO) | |
| LC control number | ENG-140035 |
| 020 ## - INTERNATIONAL STANDARD BOOK NUMBER | |
| International Standard Book Number | 9789383657353 |
| Terms of availability | 30.00 |
| 035 ## - SYSTEM CONTROL NUMBER | |
| System control number | EN-123567 |
| 037 ## - SOURCE OF ACQUISITION | |
| Source of stock number/acquisition | DBAD |
| 100 ## - MAIN ENTRY--PERSONAL NAME | |
| Personal name | Harris, Robert A |
| 245 ## - TITLE STATEMENT | |
| Title | A Summary Critique of the Fact/value Dichotomy/ |
| Statement of responsibility, etc | ROBERT A Harris |
| 260 ## - PUBLICATION, DISTRIBUTION, ETC. (IMPRINT) | |
| Place of publication, distribution, etc | NEW DELHI |
| Name of publisher, distributor, etc | Critical Quest |
| Date of publication, distribution, etc | 2017 |
| 270 ## - ADDRESS | |
| Address | 420, G-Block Phase-6 Aya Nagar |
| City | NEW DELHI |
| Postal code | 110047 |
| 300 ## - PHYSICAL DESCRIPTION | |
| Extent | 39 P. |
| Dimensions | 21 c.m(pb) |
| 942 ## - ADDED ENTRY ELEMENTS (KOHA) | |
| Source of classification or shelving scheme | Dewey Decimal Classification |
| Item type | English Books |
| Classification part | 111 |
| Call number suffix | HAR |
| Withdrawn status | Lost status | Not for loan | Collection code | Home library | Current library | Date acquired | Source of acquisition | Cost, normal purchase price | Full call number | Barcode | Cost, replacement price | Koha item type |
|---|---|---|---|---|---|---|---|---|---|---|---|---|
| Non-fiction | Bawana | Bawana | 04/04/2024 | DBAD | 30.00 | 111 HAR | EN-123567 | 30.00 | English Books |
